[Event "36th ECC Open 2021"]
[Site "Struga MKD"]
[Date "2021.09.18"]
[Round "1.5"]
[Board "3"]
[White "Abasov, Nijat"]
[Black "Thorhallsson, Simon"]
[Result "1-0"]
[WhiteTitle "GM"]
[WhiteElo "2652"]
[BlackElo "2237"]
[WhiteTeam "Silla-Valencia Origin of Chess"]
[BlackTeam "Viking  Chess Club"]
[WhiteFideId "13402960"]
[BlackFideId "2310090"]
[EventDate "2021.09.18"]
[EventType "team"]

1. e4 e6 2. d4 d5 3. exd5 exd5 4. Nf3 Nf6 5. Bd3 c5 6. O-O c4 7. Be2 Bd6 8. b3
cxb3 9. axb3 O-O 10. Bg5 h6 11. Bh4 g5 12. Bg3 Ne4 13. c4 Bxg3 14. fxg3 Be6 15.
Bd3 Nc6 16. Kh1 Re8 17. Nbd2 Nxd2 18. Qxd2 Kg7 19. Qc3 Rc8 20. c5 a6 21. b4 Na7
22. Bc2 Rc7 23. Qd3 Rh8 24. Ne5 Nc6 25. Nxc6 Rxc6 26. Rae1 Bg4 27. h3 Bh5 28.
Re5 Rf6 29. Rxf6 Qxf6 30. Qe3 Bg6 31. Bxg6 Qxg6 32. Rxd5 Qb1+ 33. Kh2 Qxb4 34.
Qe5+ Kh7 35. Qf6 Rf8 36. Rd6 Qd2 37. Qxh6+ Kg8 38. Rd5 1-0

[Event "36th ECC Open 2021"]
[Site "Struga MKD"]
[Date "2021.09.18"]
[Round "1.5"]
[Board "4"]
[White "Bjornsson, Tomas"]
[Black "Santos Latasa, Jaime"]
[Result "0-1"]
[WhiteTitle "FM"]
[BlackTitle "GM"]
[WhiteElo "2175"]
[BlackElo "2627"]
[WhiteTeam "Viking  Chess Club"]
[BlackTeam "Silla-Valencia Origin of Chess"]
[WhiteFideId "2300303"]
[BlackFideId "2293307"]
[EventDate "2021.09.18"]
[EventType "team"]

1. d4 Nf6 2. c4 e6 3. Nf3 d5 4. Nc3 c6 5. cxd5 exd5 6. Bg5 Be7 7. Qc2 g6 8. e3
Bf5 9. Bd3 Bxd3 10. Qxd3 Nbd7 11. O-O O-O 12. Rfe1 Ne4 13. Bxe7 Qxe7 14. Nd2 f5
15. f3 Nxd2 16. Qxd2 Nf6 17. Ne2 Rae8 18. Nf4 Nd7 19. Nd3 g5 20. Qb4 Qxb4 21.
Nxb4 Nb6 22. b3 Nc8 23. Nd3 Nd6 24. a4 a5 25. Rac1 Re6 26. Nc5 Re7 27. Nd3 Kg7
28. Kf2 Rfe8 29. Ne5 f4 30. e4 dxe4 31. fxe4 Ra8 32. Kf3 Ra6 33. Nc4 Nf7 34. h4
h6 35. hxg5 hxg5 36. g3 b5 37. Nb2 fxg3 38. Kxg3 Rb6 39. Rc3 Nd6 40. Kf3 Rf7+
41. Kg2 Re7 42. axb5 Rxb5 43. Nc4 Nxc4 44. Rxc4 Rxb3 45. Rxc6 a4 46. d5 a3 47.
Ra6 Rc7 48. Ra1 Rc2+ 49. Kg1 Rg3+ 50. Kf1 Rcc3 51. d6 Kf6 52. e5+ Ke6 53. Ra7 g4
54. Re7+ Kf5 55. d7 Rcf3+ 56. Ke2 Rg2+ 57. Ke1 Re3+ 58. Kf1 Rd2 59. Ra2 Red3 60.
d8=Q Rxd8 61. Rxa3 Rd1+ 62. Kg2 R8d2+ 0-1

[Event "36th ECC Open 2021"]
[Site "Struga MKD"]
[Date "2021.09.18"]
[Round "1.6"]
[Board "1"]
[White "Sarrau, Jelle"]
[Black "Berkes, Ferenc"]
[Result "1/2-1/2"]
[WhiteTitle "FM"]
[BlackTitle "GM"]
[WhiteElo "2374"]
[BlackElo "2671"]
[WhiteTeam "Zuid-Limburg"]
[BlackTeam "Team XtraCon"]
[WhiteFideId "207608"]
[BlackFideId "718572"]
[EventDate "2021.09.18"]
[EventType "team"]

1. c4 c6 2. Nf3 d5 3. g3 Nf6 4. Bg2 dxc4 5. O-O Nbd7 6. Qc2 Nb6 7. Na3 g6 8.
Nxc4 Nxc4 9. Qxc4 Bg7 10. d3 O-O 11. Bd2 Nd5 12. Rab1 a5 13. a3 a4 14. Ng5 Nc7
15. Ne4 Nb5 16. Nc5 b6 17. Bxc6 Nd6 18. Qf4 Bh3 19. Nxa4 Bxf1 20. Kxf1 Rc8 21.
Bf3 Nf5 22. Bg4 e6 23. Bxf5 exf5 24. Nc3 Re8 25. h4 Rc6 26. Qf3 Rce6 27. Re1 h5
28. Kg2 Qd7 29. Kf1 b5 30. Kg2 Rb8 31. Kf1 Ree8 32. Kg2 b4 33. axb4 Rxb4 34. Nd5
Rxb2 35. Be3 Qa4 36. Nf4 Rc8 37. Rc1 Rxc1 38. Bxc1 Rb1 39. Be3 Qd1 40. Kh2 Qg1+
41. Kh3 Qf1+ 42. Qg2 Be5 43. Qxf1 Rxf1 44. Kg2 Re1 45. Kf3 Kg7 46. Bd2 Rd1 47.
Be3 f6 48. Nh3 Kf7 49. Bb6 Bd6 50. Bd4 Rh1 51. Kg2 Rb1 52. Kf3 Rb3 53. Be3 Be7
54. Bf4 Rc3 55. Bd2 Rc8 56. Be3 Ra8 57. Bd2 Bc5 58. Bf4 Ra2 59. Bc1 Bb6 60. Bf4
Ra8 61. Bd2 Rd8 62. Bc1 Bc5 63. Bd2 Bf8 64. Be3 Rd7 65. Bd2 Kg8 66. Be3 Kh7 67.
Nf4 Rb7 68. Bd4 Bg7 69. Ne6 Bh8 70. Be3 Rb8 71. Nf4 Ra8 72. Ne6 Ra6 73. Nf4 Bg7
74. Bd4 Rd6 75. Bc5 Rc6 76. Be3 Bh6 77. Bd4 Kg7 78. Be3 Ra6 79. Bd4 Kf7 80. Be3
Ra4 81. Nd5 g5 82. Kg2 Ra5 83. Nc3 Kg6 84. Bb6 Ra6 85. Nd5 Bf8 86. e4 Bd6 87.
Bd8 gxh4 88. gxh4 fxe4 89. dxe4 Ra2 90. Bxf6 Bc5 91. Bg5 Bxf2 92. Kf3 Be1 93.
Nf4+ Kf7 94. Nxh5 Rh2 95. Kg4 1/2-1/2

[Event "36th ECC Open 2021"]
[Site "Struga MKD"]
[Date "2021.09.18"]
[Round "1.6"]
[Board "2"]
[White "Banusz, Tamas"]
[Black "Suvorov, Alexander"]
[Result "1/2-1/2"]
[WhiteTitle "GM"]
[BlackTitle "FM"]
[WhiteElo "2641"]
[BlackElo "2363"]
[WhiteTeam "Team XtraCon"]
[BlackTeam "Zuid-Limburg"]
[WhiteFideId "722413"]
[BlackFideId "12977063"]
[EventDate "2021.09.18"]
[EventType "team"]

1. Nf3 d5 2. g3 c6 3. Bg2 Bg4 4. O-O e6 5. h3 Bh5 6. c4 Nd7 7. cxd5 cxd5 8. Qb3
Qb6 9. Qxb6 Nxb6 10. g4 Bg6 11. Nc3 Rc8 12. d3 a6 13. Be3 Bc5 14. Bxc5 Rxc5 15.
Rac1 Ne7 16. e4 dxe4 17. dxe4 Rc8 18. Nd4 O-O 19. f4 Rfd8 20. Nb3 f6 21. e5 Rd7
22. exf6 gxf6 23. Rcd1 Rcc7 24. Ne4 Bxe4 25. Bxe4 f5 26. Bf3 Rxd1 27. Rxd1 Nbd5
28. gxf5 Nxf4 29. fxe6 Nxe6 30. Rd6 Kf7 31. Bg4 Nf4 32. Nd4 h5 33. Bf3 Nxh3+ 34.
Kh2 Nf4 35. Kg3 Neg6 36. Rb6 h4+ 37. Kf2 Ne5 38. Be4 Rd7 39. Rxb7 Rxb7 40. Bxb7
Nfd3+ 41. Kg2 Nxb2 1/2-1/2

[Event "36th ECC Open 2021"]
[Site "Struga MKD"]
[Date "2021.09.18"]
[Round "1.6"]
[Board "3"]
[White "Lenaerts, Lennert"]
[Black "Papp, Gabor1"]
[Result "0-1"]
[WhiteTitle "FM"]
[BlackTitle "GM"]
[WhiteElo "2358"]
[BlackElo "2599"]
[WhiteTeam "Zuid-Limburg"]
[BlackTeam "Team XtraCon"]
[WhiteFideId "211435"]
[BlackFideId "718602"]
[EventDate "2021.09.18"]
[EventType "team"]

1. d4 e6 2. c4 b6 3. e4 Bb4+ 4. Bd2 Bxd2+ 5. Qxd2 d5 6. cxd5 exd5 7. e5 Ne7 8.
Nc3 O-O 9. Nf3 c5 10. Rd1 Nbc6 11. dxc5 bxc5 12. Nxd5 Nxd5 13. Qxd5 Qa5+ 14. Qd2
Qxa2 15. Qc3 Rb8 16. Qxc5 Rxb2 17. Bc4 Qa5+ 18. Qxa5 Nxa5 19. Bd3 Nb3 20. O-O a5
21. Rb1 Rxb1 22. Rxb1 a4 23. Bb5 Bf5 24. Bxa4 Bxb1 25. Bxb3 Rb8 26. Nd2 Bf5 27.
Kf1 g5 28. g3 Rb5 29. f4 gxf4 30. gxf4 Rb4 31. Ke2 Rxf4 32. Ke3 Rb4 33. Bd5 Rb5
34. Kd4 Kg7 35. Nf3 h6 36. Bc4 Rb2 37. Ke3 Bg4 38. Be2 Bxf3 39. Kxf3 Rb3+ 0-1

[Event "36th ECC Open 2021"]
[Site "Struga MKD"]
[Date "2021.09.18"]
[Round "1.6"]
[Board "5"]
[White "Perkampus, Laurin"]
[Black "Chatalbashev, Boris"]
[Result "0-1"]
[BlackTitle "GM"]
[WhiteElo "2010"]
[BlackElo "2530"]
[WhiteTeam "Zuid-Limburg"]
[BlackTeam "Team XtraCon"]
[WhiteFideId "16232283"]
[BlackFideId "2900440"]
[EventDate "2021.09.18"]
[EventType "team"]

1. d4 Nf6 2. c4 c5 3. d5 g6 4. Nc3 Bg7 5. Nf3 O-O 6. e4 d6 7. h3 e6 8. Bg5 exd5
9. cxd5 Re8 10. Bd3 c4 11. Bc2 b5 12. a3 Nbd7 13. O-O Qb6 14. Be3 Nc5 15. Bd4
Bb7 16. Re1 Rac8 17. Qd2 a6 18. Rad1 Qd8 19. Re2 Qd7 20. Qg5 Qd8 21. Qd2 Nfd7
22. Bxg7 Kxg7 23. Nd4 Ne5 24. Re3 Qf6 25. Rg3 Rc7 26. Nce2 Ned3 27. Rf3 Qe5 28.
Re3 Nxe4 29. Qa5 Rce7 30. f3 Qxd5 31. fxe4 Rxe4 32. Qc3 Rxd4 33. Nf4 Nxf4 34.
Rf3 Ne2+ 0-1

[Event "36th ECC Open 2021"]
[Site "Struga MKD"]
[Date "2021.09.18"]
[Round "1.6"]
[Board "6"]
[White "Danielsen, Henrik"]
[Black "Winkels, Marcel"]
[Result "1-0"]
[WhiteTitle "GM"]
[BlackTitle "CM"]
[WhiteElo "2521"]
[BlackElo "1992"]
[WhiteTeam "Team XtraCon"]
[BlackTeam "Zuid-Limburg"]
[WhiteFideId "1400185"]
[BlackFideId "1003887"]
[EventDate "2021.09.18"]
[EventType "team"]

1. d4 Nf6 2. Nf3 e6 3. c4 c5 4. e3 d5 5. a3 a6 6. dxc5 Bxc5 7. b4 Be7 8. Bb2
dxc4 9. Qxd8+ Bxd8 10. Bxc4 O-O 11. Nbd2 b5 12. Bd3 Bb7 13. Ke2 Nbd7 14. Rac1
Bb6 15. h3 Rfc8 16. e4 h6 17. g3 Ne8 18. Rhd1 Rxc1 19. Rxc1 Rc8 20. Rxc8 Bxc8
21. Bd4 e5 22. Bc3 f6 23. Nh4 Nd6 24. Bc2 g5 25. Nf5 Nxf5 26. exf5 Kf7 27. Ne4
Ke7 28. f3 Ba7 29. Bb3 Bb7 30. Kd3 Bb6 31. a4 Bc6 32. a5 Ba7 33. Be6 Bg1 34. Bd2
Nb8 35. f4 gxf4 36. gxf4 Bd7 37. fxe5 fxe5 38. Bxd7 Kxd7 39. Bxh6 Nc6 40. Bf8
Bd4 41. h4 Ke8 42. Bd6 Nd8 43. h5 Kf7 44. h6 Bb2 45. Bc7 Nc6 46. Bd6 Bc1 47. h7
Kg7 48. f6+ Kxh7 49. f7 Nb8 1-0

[Event "36th ECC Open 2021"]
[Site "Struga MKD"]
[Date "2021.09.18"]
[Round "1.7"]
[Board "1"]
[White "Mikhalevski, Victor"]
[Black "Saraci, Nderim"]
[Result "1/2-1/2"]
[WhiteTitle "GM"]
[BlackTitle "IM"]
[WhiteElo "2573"]
[BlackElo "2466"]
[WhiteTeam "BEER SHEVA"]
[BlackTeam "Drejtesia"]
[WhiteFideId "2801914"]
[BlackFideId "6351921"]
[EventDate "2021.09.18"]
[EventType "team"]

1. c4 e5 2. g3 Nf6 3. Bg2 c6 4. d4 exd4 5. Qxd4 d5 6. Nc3 Be6 7. Nh3 dxc4 8.
Qxd8+ Kxd8 9. Ng5 Nbd7 10. Bf4 h6 11. Nxe6+ fxe6 12. O-O-O Bc5 13. Rhf1 Ke8 14.
Kc2 e5 15. Bc1 Rd8 16. f4 Rf8 17. h3 Bd4 18. e3 Bc5 19. g4 Nb6 20. Rxd8+ Kxd8
21. fxe5 Nfd7 22. Ne4 Rxf1 23. Bxf1 Ke7 24. Bd2 Ke6 25. a4 a5 26. Nxc5+ Nxc5 27.
Bxa5 Ncxa4 28. Bb4 Kxe5 29. e4 g6 30. b3 cxb3+ 31. Kxb3 Kxe4 32. Bf8 h5 33. gxh5
gxh5 34. Be2 Nd7 35. Be7 Nac5+ 36. Kc2 Kf4 37. Bxh5 Ne4 38. Bg4 Ndf6 39. Bc8 b5
40. Bb7 Nd5 41. Bxc6 Nxe7 42. Bxb5 Nf6 43. Kd3 Kg3 44. Kd4 Kxh3 45. Ke5 Ng4+ 46.
Ke6 Ng6 47. Kf5 Nh4+ 48. Kf4 Ng2+ 49. Kf3 Nh2+ 50. Kf2 Nf4 51. Be2 Nf3 52. Kxf3
Nxe2 53. Kxe2 1/2-1/2

[Event "36th ECC Open 2021"]
[Site "Struga MKD"]
[Date "2021.09.18"]
[Round "1.7"]
[Board "2"]
[White "Makolli, Perparim"]
[Black "Roiz, Michael"]
[Result "1/2-1/2"]
[WhiteTitle "FM"]
[BlackTitle "GM"]
[WhiteElo "2249"]
[BlackElo "2580"]
[WhiteTeam "Drejtesia"]
[BlackTeam "BEER SHEVA"]
[WhiteFideId "908630"]
[BlackFideId "2804158"]
[EventDate "2021.09.18"]
[EventType "team"]

1. e4 e5 2. Bc4 Nf6 3. Nc3 Nc6 4. d3 Bb4 5. Bg5 h6 6. Bh4 Be7 7. Nf3 d6 8. h3
Na5 9. Bb3 O-O 10. O-O Nxb3 11. axb3 c5 12. Bxf6 Bxf6 13. Nd5 Be6 14. Nxf6+ Qxf6
15. Nh2 Qe7 16. f4 exf4 17. Rxf4 d5 18. Qh5 Qg5 19. Qxg5 hxg5 20. Rf2 dxe4 21.
dxe4 Rfe8 22. Nf1 Bd7 23. Nd2 f6 24. Nc4 Rxe4 25. Nb6 Rd8 26. Nxd7 Rxd7 27. Rxa7
Re5 28. Ra1 Kf7 29. Kf1 Kg6 30. Re1 Red5 31. Re3 Rd1+ 32. Re1 R1d5 33. Re3 Kh5
34. Rfe2 g4 35. hxg4+ Kxg4 36. Re4+ Kf5 37. b4 cxb4 1/2-1/2

[Event "36th ECC Open 2021"]
[Site "Struga MKD"]
[Date "2021.09.18"]
[Round "1.7"]
[Board "3"]
[White "Rodshtein, Maxim"]
[Black "Bajraktari, Perparim"]
[Result "1-0"]
[WhiteTitle "GM"]
[WhiteElo "2599"]
[BlackElo "2196"]
[WhiteTeam "BEER SHEVA"]
[BlackTeam "Drejtesia"]
[WhiteFideId "2806851"]
[BlackFideId "1307711"]
[EventDate "2021.09.18"]
[EventType "team"]

1. d4 g6 2. e4 d6 3. c4 Bg7 4. Nc3 Nc6 5. Be3 e5 6. Nge2 exd4 7. Nxd4 Nf6 8. f3
O-O 9. Qd2 Re8 10. O-O-O a6 11. Kb1 Nxd4 12. Bxd4 Be6 13. h4 c6 14. g4 b5 15. g5
Nh5 16. Bxg7 Kxg7 17. Rg1 Qb6 18. Be2 Qa5 19. Ka1 b4 20. Nb1 Rad8 21. a3 Qa4 22.
f4 Qb3 23. f5 gxf5 24. exf5 Bxf5 25. Bxh5 Bxb1 26. Kxb1 bxa3 27. Qd4+ Re5 28.
Rgf1 Rd7 29. Rd2 Re7 30. Rf3 Qb7 31. Rxa3 c5 32. Qf4 R7e6 33. Rf3 1-0

[Event "36th ECC Open 2021"]
[Site "Struga MKD"]
[Date "2021.09.18"]
[Round "1.7"]
[Board "6"]
[White "Bahtiri, Sabri"]
[Black "Steinberg, Nitzan"]
[Result "0-1"]
[BlackTitle "GM"]
[WhiteElo "2010"]
[BlackElo "2537"]
[WhiteTeam "Drejtesia"]
[BlackTeam "BEER SHEVA"]
[WhiteFideId "3600114"]
[BlackFideId "2801795"]
[EventDate "2021.09.18"]
[EventType "team"]

1. e4 c5 2. Nf3 d6 3. d4 cxd4 4. Nxd4 Nf6 5. Nc3 a6 6. Be2 e6 7. O-O Be7 8. a4
Nc6 9. Be3 Nb4 10. f4 O-O 11. Bf3 Qc7 12. Qe2 Re8 13. Nb3 e5 14. Rfd1 Bf8 15.
fxe5 dxe5 16. Qf2 Be6 17. Bb6 Qc6 18. Rac1 Nd7 19. Be3 Rac8 20. Nd5 Qxa4 21. Ra1
Qb5 22. c4 Qxc4 23. Na5 Qc2 24. Rd2 Bxd5 25. Rxc2 Rxc2 26. Qf1 Be6 27. Nxb7 Rxb2
28. Rb1 Rxb1 29. Qxb1 Rb8 30. Na5 Nd5 31. Qxb8 Nxb8 32. exd5 Bf5 33. g4 Bd3 34.
Nc6 Nd7 35. g5 f5 36. gxf6 gxf6 37. Bh5 Be4 38. Be8 Nc5 39. Nb4 a5 40. Nc6 Nb3
41. Bb6 a4 42. Bd8 a3 43. Bxf6 Bc5+ 44. Kf1 a2 45. Bxe5 Nd4 0-1

[Event "36th ECC Open 2021"]
[Site "Struga MKD"]
[Date "2021.09.18"]
[Round "1.8"]
[Board "1"]
[White "Noe, Christopher"]
[Black "Christiansen, Johan-Sebastian"]
[Result "1-0"]
[WhiteTitle "IM"]
[BlackTitle "GM"]
[WhiteElo "2518"]
[BlackElo "2609"]
[WhiteTeam "De Sprenger Echternach"]
[BlackTeam "Offerspill Chess Club"]
[WhiteFideId "24692018"]
[BlackFideId "1512668"]
[EventDate "2021.09.18"]
[EventType "team"]

1. d4 Nf6 2. c4 g6 3. Nc3 Bg7 4. e4 d6 5. Nge2 O-O 6. Ng3 e5 7. d5 h5 8. Bg5 Qe8
9. Bd3 Nh7 10. Be3 h4 11. Nge2 f5 12. exf5 gxf5 13. f4 h3 14. gxh3 Qh5 15. Qd2
Qxh3 16. O-O-O Nf6 17. Rdg1 Ng4 18. Rg3 Qh4 19. Rhg1 Rf7 20. h3 Nxe3 21. Qxe3 e4
22. Nd4 Re7 23. Rg5 Qh7 24. Be2 Qh6 25. Qg3 Qf6 26. Ncb5 Na6 27. Rg6 Qf8 28. Qh4 1-0

[Event "36th ECC Open 2021"]
[Site "Struga MKD"]
[Date "2021.09.18"]
[Round "1.8"]
[Board "3"]
[White "Gibicar, Danijel"]
[Black "Haldorsen, Benjamin"]
[Result "0-1"]
[WhiteTitle "FM"]
[BlackTitle "IM"]
[WhiteElo "2271"]
[BlackElo "2465"]
[WhiteTeam "De Sprenger Echternach"]
[BlackTeam "Offerspill Chess Club"]
[WhiteFideId "24660256"]
[BlackFideId "1512633"]
[EventDate "2021.09.18"]
[EventType "team"]

1. e4 c5 2. Nf3 d6 3. d4 cxd4 4. Nxd4 Nf6 5. Nc3 Bd7 6. Bg5 e6 7. f3 a6 8. Qd2
Be7 9. O-O-O b5 10. h4 h6 11. Be3 h5 12. Kb1 Qc7 13. Bg5 Qb7 14. Ka1 Nc6 15.
Nxc6 Bxc6 16. Ne2 a5 17. Nd4 Bd7 18. Be2 b4 19. g3 a4 20. c4 bxc3 21. Qxc3 O-O
22. Rc1 Rfc8 23. Qd3 Rcb8 24. Rc2 a3 25. b3 e5 26. Nf5 Bxf5 27. exf5 Nd5 28. Qe4
Nb4 29. Rcc1 d5 30. Qxe5 Bxg5 31. hxg5 Re8 32. Rc7 Qb6 33. Qf4 Rxe2 34. g6 Qf6+ 0-1

[Event "36th ECC Open 2021"]
[Site "Struga MKD"]
[Date "2021.09.18"]
[Round "1.9"]
[Board "1"]
[White "Shevchenko, Kirill"]
[Black "Haria, Ravi"]
[Result "1/2-1/2"]
[WhiteTitle "GM"]
[BlackTitle "IM"]
[WhiteElo "2633"]
[BlackElo "2465"]
[WhiteTeam "Vugar Gashimov"]
[BlackTeam "Gonzaga"]
[WhiteFideId "14129574"]
[BlackFideId "415820"]
[EventDate "2021.09.18"]
[EventType "team"]

1. e4 e6 2. d4 d5 3. Nc3 Nf6 4. Bg5 h6 5. Bxf6 Qxf6 6. exd5 Bb4 7. Bb5+ Bd7 8.
Bxd7+ Nxd7 9. dxe6 Qxe6+ 10. Qe2 Bxc3+ 11. bxc3 Qxe2+ 12. Nxe2 O-O-O 13. O-O-O
Nb6 14. Nf4 Rd6 15. Rhe1 Rhd8 16. Re4 g5 17. Nh5 Nc4 18. d5 b5 19. Red4 Ra6 20.
Kb1 Na3+ 21. Kb2 Nc4+ 22. Kb1 Rdd6 23. Ng3 Ra3 24. Ne4 Rda6 25. Nc5 R6a5 26. Nb3
Ra6 27. Nc5 R6a5 28. Nb3 Ra6 29. Nc5 1/2-1/2

[Event "36th ECC Open 2021"]
[Site "Struga MKD"]
[Date "2021.09.18"]
[Round "1.9"]
[Board "2"]
[White "O'Donnell, Conor"]
[Black "Asadli, Vugar"]
[Result "1/2-1/2"]
[WhiteTitle "FM"]
[BlackTitle "GM"]
[WhiteElo "2303"]
[BlackElo "2578"]
[WhiteTeam "Gonzaga"]
[BlackTeam "Vugar Gashimov"]
[WhiteFideId "2504243"]
[BlackFideId "13405764"]
[EventDate "2021.09.18"]
[EventType "team"]

1. d4 d5 2. c4 e6 3. Nc3 Nf6 4. cxd5 exd5 5. Bg5 c6 6. e3 h6 7. Bh4 Be7 8. Bd3
O-O 9. Qc2 Nbd7 10. Nf3 Re8 11. O-O Ne4 12. Bxe4 Bxh4 13. Bh7+ Kh8 14. Bd3 Be7
15. Rab1 a5 16. Na4 Bd6 17. a3 Nf6 18. b4 axb4 19. axb4 Ne4 20. b5 Bd7 21. bxc6
Bxc6 22. Nc3 Ra5 23. Rb3 Qe7 24. Rfb1 Rea8 25. Bb5 Qe8 26. Nxe4 dxe4 27. Bxc6
bxc6 28. Nd2 Ra2 29. R3b2 Rxb2 30. Rxb2 f5 31. Ra2 Rc8 32. Ra5 Qf7 33. Nc4 Bb8
34. g3 Bc7 35. Ra6 Qd5 36. Nd2 Ba5 37. Nc4 Bc7 38. Nd2 Ba5 39. Nc4 Bc7 1/2-1/2

[Event "36th ECC Open 2021"]
[Site "Struga MKD"]
[Date "2021.09.18"]
[Round "1.9"]
[Board "3"]
[White "Suleymanli, Aydin"]
[Black "Kanyamarala, Tarun"]
[Result "1-0"]
[WhiteTitle "GM"]
[BlackTitle "FM"]
[WhiteElo "2536"]
[BlackElo "2275"]
[WhiteTeam "Vugar Gashimov"]
[BlackTeam "Gonzaga"]
[WhiteFideId "13413937"]
[BlackFideId "45004714"]
[EventDate "2021.09.18"]
[EventType "team"]

1. Nf3 d5 2. e3 Nf6 3. c4 e6 4. b3 b6 5. g3 Bb7 6. Bg2 dxc4 7. bxc4 c5 8. O-O
Be7 9. Bb2 O-O 10. d3 Nc6 11. Qe2 Qc7 12. Nc3 Rfd8 13. Rfd1 Rd7 14. Ne1 Rad8 15.
f4 a6 16. g4 Ba8 17. a4 Nb4 18. g5 Ne8 19. Bxa8 Rxa8 20. Nf3 Rdd8 21. Ne5 Nd6
22. h4 Qb7 23. h5 Nf5 24. Kh2 Bd6 25. Ng4 b5 26. axb5 axb5 27. Rxa8 Rxa8 28.
Nxb5 Ra2 29. Rd2 Bb8 30. h6 f6 31. gxf6 gxh6 32. Nc3 Ra6 33. Ne4 Qf7 34. Ne5
Bxe5 35. Bxe5 Rc6 36. Qg4+ Qg6 37. Qh3 1-0

[Event "36th ECC Open 2021"]
[Site "Struga MKD"]
[Date "2021.09.18"]
[Round "1.9"]
[Board "4"]
[White "Kanyamarala, Trisha"]
[Black "Sadikhov, Ulvi"]
[Result "0-1"]
[WhiteTitle "WIM"]
[BlackTitle "GM"]
[WhiteElo "2093"]
[BlackElo "2509"]
[WhiteTeam "Gonzaga"]
[BlackTeam "Vugar Gashimov"]
[WhiteFideId "45004722"]
[BlackFideId "13401416"]
[EventDate "2021.09.18"]
[EventType "team"]

1. d4 d6 2. Nf3 g6 3. c4 Bg7 4. Nc3 Nf6 5. e4 Bg4 6. Be2 Nfd7 7. Be3 O-O 8. O-O
Nc6 9. d5 Bxf3 10. Bxf3 Na5 11. Be2 Bxc3 12. bxc3 e5 13. dxe6 fxe6 14. f4 b6 15.
Qe1 Qe7 16. Qg3 Rae8 17. h4 Nf6 18. Bd3 Qg7 19. Qh3 h5 20. f5 Ng4 21. Bd2 exf5
22. exf5 gxf5 23. Rf4 Nc6 24. Raf1 Ne7 25. Bxf5 Nxf5 26. Rxf5 Rxf5 27. Rxf5 Re5
28. Rg5 Rxg5 29. hxg5 Qg6 30. Kf1 Qb1+ 31. Ke2 Qe4+ 32. Kf1 Qf5+ 33. Ke1 Qe5+
34. Kf1 Qc5 35. Ke2 Qxc4+ 36. Ke1 Qe4+ 37. Kf1 h4 38. Kg1 Qb1+ 0-1

[Event "36th ECC Open 2021"]
[Site "Struga MKD"]
[Date "2021.09.18"]
[Round "1.9"]
[Board "5"]
[White "Ahmadzada, Ahmad"]
[Black "Pein, Jonathan"]
[Result "1/2-1/2"]
[WhiteTitle "IM"]
[BlackTitle "CM"]
[WhiteElo "2462"]
[BlackElo "2254"]
[WhiteTeam "Vugar Gashimov"]
[BlackTeam "Gonzaga"]
[WhiteFideId "13413007"]
[BlackFideId "417092"]
[EventDate "2021.09.18"]
[EventType "team"]

1. Nf3 Nf6 2. d4 b6 3. Bf4 g6 4. e3 Bg7 5. Be2 O-O 6. O-O Bb7 7. c4 d6 8. h3
Nbd7 9. Nc3 Ne4 10. Nxe4 Bxe4 11. Nd2 Bb7 12. Bf3 Qc8 13. Qa4 c5 14. Bxb7 Qxb7
15. Nf3 a6 16. Qc2 b5 17. b3 Rac8 18. Rac1 e5 19. dxe5 dxe5 20. Bg3 e4 21. Nd2
f5 22. cxb5 axb5 23. a4 Be5 24. axb5 Qxb5 25. Nc4 Bxg3 26. fxg3 Rb8 27. Rfd1 Nf6
28. Nd6 Qxb3 29. Qxc5 Rbd8 30. Rb1 Qe6 31. Nb5 Rd7 32. Rxd7 Qxd7 33. Nd4 Rd8 34.
Ra1 Qd5 35. Qc7 Qd6 36. Qc4+ Qd5 37. Qc3 Qe5 38. Qc4+ Qd5 39. Qc3 Qe5 1/2-1/2

[Event "36th ECC Open 2021"]
[Site "Struga MKD"]
[Date "2021.09.18"]
[Round "1.9"]
[Board "6"]
[White "Carroll, Peter"]
[Black "Ibrahimli, Murad"]
[Result "0-1"]
[WhiteTitle "CM"]
[BlackTitle "IM"]
[WhiteElo "2059"]
[BlackElo "2436"]
[WhiteTeam "Gonzaga"]
[BlackTeam "Vugar Gashimov"]
[WhiteFideId "2510243"]
[BlackFideId "13410229"]
[EventDate "2021.09.18"]
[EventType "team"]

1. e4 e5 2. Nf3 Nc6 3. d4 exd4 4. Nxd4 Bb4+ 5. c3 Be7 6. g3 d6 7. Bg2 Bd7 8. O-O
Nf6 9. Re1 O-O 10. Nd2 Re8 11. Nf1 Bf8 12. h3 g6 13. g4 h5 14. g5 Nh7 15. f4 Bg7
16. Ng3 h4 17. Nf1 f6 18. Qb3+ Kh8 19. Qxb7 Nxd4 20. cxd4 fxg5 21. e5 Rb8 22.
Qxa7 gxf4 23. Bxf4 Rxb2 24. Rac1 c5 25. dxc5 Rxg2+ 26. Kxg2 Bc6+ 27. Kg1 dxe5
28. Rcd1 Qc8 29. Qb6 Bf3 30. Rd2 Qxh3 31. Nh2 Rf8 32. Nxf3 Qxf3 33. Rf2 Qg4+ 34.
Rg2 Qxf4 35. Qxg6 Bh6 36. c6 h3 37. Rc2 Rg8 38. Qxg8+ Kxg8 39. c7 Qg3+ 40. Kf1
Qf3+ 41. Rf2 Qh1+ 42. Ke2 Qe4+ 43. Kf1 Qc4+ 44. Rfe2 Qxc7 0-1

[Event "36th ECC Open 2021"]
[Site "Struga MKD"]
[Date "2021.09.18"]
[Round "1.10"]
[Board "1"]
[White "Jepson, Christian"]
[Black "Indjic, Aleksandar"]
[Result "0-1"]
[WhiteTitle "IM"]
[BlackTitle "GM"]
[WhiteElo "2407"]
[BlackElo "2629"]
[WhiteTeam "Nordkalotten"]
[BlackTeam "Sloven Ruma"]
[WhiteFideId "1701185"]
[BlackFideId "911925"]
[EventDate "2021.09.18"]
[EventType "team"]

1. d4 Nf6 2. Nf3 e6 3. c4 c5 4. Nc3 cxd4 5. Nxd4 Bb4 6. g3 Ne4 7. Qd3 Bxc3+ 8.
bxc3 Nc5 9. Qf3 d6 10. Bg2 Nbd7 11. Qg4 O-O 12. Bh6 Qf6 13. Bg5 Qe5 14. Qh4 Na4
15. O-O Nxc3 16. Bf3 Nc5 17. Rfc1 N3e4 18. Be3 Bd7 19. Nb3 Bc6 20. Bd4 Qf5 21.
Bg4 Qg6 22. f3 Nxb3 23. axb3 Nc5 24. Rc3 e5 25. Be3 a5 26. Rd1 f5 27. Bh3 f4 28.
Bf2 Rae8 29. Bg4 Qf6 30. Qxf6 Rxf6 31. Ra1 b6 32. gxf4 exf4 33. Bd4 Rf7 34. Kf2
Rfe7 35. Ra2 Bd7 36. Bxd7 Rxd7 37. e4 fxe3+ 38. Bxe3 Re6 39. Rd2 Kf7 40. Rd5
Rde7 41. h4 Ke8 42. Bxc5 bxc5 43. Rcd3 Rd7 44. Rd1 Kd8 45. Ra1 Ra7 46. b4 cxb4
47. Raxa5 Rxa5 48. Rxa5 d5 49. c5 Rh6 50. Ra7 Rxh4 51. Rxg7 Kc8 52. Ke3 b3 53.
f4 Rh1 54. Rg2 Kd7 55. f5 Kc6 56. f6 Re1+ 57. Kd4 Rf1 58. Rh2 Rxf6 59. Rxh7 b2
60. Rh1 Rf4+ 61. Kc3 Rf2 62. Kd4 Rd2+ 63. Kc3 Rh2 0-1